[Event "DVM U16 2016"]
[Site "Neumarkt in der Oberpfalz GER"]
[Date "2016.12.29"]
[Round "6"]
[White "Qiu, Oliver"]
[Black "Nicklaus, Timm"]
[Result "1/2-1/2"]
[Termination "normal"]
[Board "9.4"]
[WhiteElo "1661"]
[BlackElo "1625"]
[WhiteTeam "Gütersloher SV"]
[BlackTeam "SK König Plauen"]
[PlyCount "123"]
[WhiteFideId "16200713"]
[BlackFideId "12957143"]
[EventCountry "GER"]
[EventRounds "7"]
[EventType "team-swiss"]
[EventDate "2016.12.26"]

1. e4 c5 2. Nc3 Nc6 3. f4 d6 4. Nf3 e6 5. Bb5 Bd7 6. O-O a6 7. Bxc6 Bxc6 8. Qe1
Ne7 9. d3 b5 10. a3 Qc7 11. Be3 g6 12. Qh4 Bg7 13. Rab1 Bb7 14. Nd1 d5 15. Nf2
h5 16. Ng5 dxe4 17. dxe4 Rd8 18. Nd3 Bxe4 19. Nxe4 Nf5 20. Qf2 Nxe3 21. Rfe1
Nf5 22. Ne5 Rd5 23. Nc3 Rd8 24. Ne4 Bxe5 25. fxe5 Qxe5 26. Nxc5 Qd4 27. Nxa6
Qxf2+ 28. Kxf2 Rc8 29. c3 O-O 30. Re5 Rfd8 31. Ke2 Nd6 32. Rd1 Nc4 33. Rxb5
Rxd1 34. Kxd1 Rd8+ 35. Ke1 Rd2 36. Rb4 Rxg2 37. Rxc4 Rxb2 38. a4 Rxh2 39. a5
Ra2 40. Rc5 h4 41. Nb4 h3 42. Nxa2 h2 43. Nb4 h1=Q+ 44. Kd2 f5 45. a6 Qa8 46.
Rc6 Qe8 47. Ke2 Qd7 48. Ke3 g5 49. Ke2 f4 50. Kf3 Qd1+ 51. Ke4 Qe2+ 52. Kd4
Qd2+ 53. Ke5 Qe3+ 54. Kf6 f3 55. Rc8+ Kh7 56. Rc7+ Kh6 57. a7 Qf4+ 58. Kxe6
Qxc7 59. a8=Q Qc4+ 60. Kf5 Qf7+ 61. Ke4 Qc4+ 62. Kf5 1/2-1/2

[Event "DVM U16 2016"]
[Site "Neumarkt in der Oberpfalz GER"]
[Date "2016.12.29"]
[Round "6"]
[White "Ortmeier, Leonhard"]
[Black "Merx, Florian"]
[Result "1-0"]
[Termination "normal"]
[Board "10.1"]
[WhiteElo "1978"]
[BlackElo "1717"]
[WhiteTeam "SC Rochade Emsdetten"]
[BlackTeam "SV Empor Erfurt"]
[PlyCount "87"]
[WhiteFideId "12993662"]
[BlackFideId "16212304"]
[EventCountry "GER"]
[EventRounds "7"]
[EventType "team-swiss"]
[EventDate "2016.12.26"]

1. e4 e5 2. Nf3 Nc6 3. Bc4 Nf6 4. d4 exd4 5. e5 d5 6. Bb5 Ne4 7. Nxd4 Bd7 8.
Bxc6 bxc6 9. O-O Bc5 10. f3 Ng5 11. f4 Ne6 12. c3 O-O 13. Kh1 Re8 14. Be3 Bf8
15. Qf3 Nxd4 16. cxd4 Bf5 17. Nc3 f6 18. Rac1 Rb8 19. Na4 fxe5 20. fxe5 Be6 21.
b3 Qd7 22. Rc2 Ba3 23. Qe2 Bf5 24. Rc3 Bb4 25. Rcc1 Ba3 26. Rce1 Bg4 27. Qd3
Bb4 28. Bd2 Bxd2 29. Qxd2 Rf8 30. Nc5 Qe7 31. e6 Rbe8 32. Rf4 Bh5 33. h3 Rxf4
34. Qxf4 Rf8 35. Qe5 Bg6 36. Nd7 Rf5 37. Qxc7 Be8 38. Qxc6 Qh4 39. Rc1 Qg5 40.
Qc8 Qg6 41. Ne5 Qh5 42. Nf7 Kf8 43. Qc5+ Kg8 44. Qe7  1-0

[Event "DVM U16 2016"]
[Site "Neumarkt in der Oberpfalz GER"]
[Date "2016.12.29"]
[Round "6"]
[White "Vo, Minh"]
[Black "Delere, Adrian"]
[Result "1/2-1/2"]
[Termination "normal"]
[Board "10.2"]
[WhiteElo "1656"]
[BlackElo "1709"]
[WhiteTeam "SV Empor Erfurt"]
[BlackTeam "SC Rochade Emsdetten"]
[PlyCount "47"]
[WhiteFideId "12976512"]
[BlackFideId "12990400"]
[EventCountry "GER"]
[EventRounds "7"]
[EventType "team-swiss"]
[EventDate "2016.12.26"]

1. c4 c5 2. Nc3 g6 3. g3 Bg7 4. Bg2 Nc6 5. Nf3 Nf6 6. O-O O-O 7. d4 cxd4 8.
Nxd4 a6 9. Nxc6 dxc6 10. Qc2 Qc7 11. b3 b6 12. Bb2 Bb7 13. Rad1 c5 14. e4 e6
15. Bc1 Nd7 16. Bf4 e5 17. Be3 f5 18. Nd5 Bxd5 19. exd5 Qd6 20. Rde1 Nf6 21. a3
a5 22. Bd2 Rfb8 23. Bc3 Nd7 24. a4  1/2-1/2

[Event "DVM U16 2016"]
[Site "Neumarkt in der Oberpfalz GER"]
[Date "2016.12.29"]
[Round "6"]
[White "Teschler, Ansgar"]
[Black "Schulz, Theresa Charlotte"]
[Result "1-0"]
[Termination "normal"]
[Board "10.3"]
[WhiteElo "2037"]
[BlackElo "1595"]
[WhiteTeam "SC Rochade Emsdetten"]
[BlackTeam "SV Empor Erfurt"]
[PlyCount "49"]
[WhiteFideId "16231139"]
[BlackFideId "12952206"]
[EventCountry "GER"]
[EventRounds "7"]
[EventType "team-swiss"]
[EventDate "2016.12.26"]

1. d4 f5 2. c4 Nf6 3. Nc3 e6 4. Bf4 d5 5. cxd5 exd5 6. e3 c6 7. Bd3 Ne4 8. f3
Nd6 9. Qc2 Qf6 10. Nge2 Be7 11. O-O O-O 12. e4 dxe4 13. fxe4 fxe4 14. Nxe4 Nxe4
15. Be5 Qh4 16. Rxf8+ Bxf8 17. Bxe4 Nd7 18. Rf1 Be7 19. Qc4+ Kh8 20. Bxg7+ Kxg7
21. Rf7+ Kh8 22. Rxh7+ Qxh7 23. Bxh7 Kxh7 24. Qf7+ Kh8 25. Qxe7  1-0

[Event "DVM U16 2016"]
[Site "Neumarkt in der Oberpfalz GER"]
[Date "2016.12.29"]
[Round "6"]
[White "Finke, Daniel"]
[Black "Hoppe, Nico"]
[Result "1-0"]
[Termination "normal"]
[Board "10.4"]
[WhiteElo "1560"]
[BlackElo "1564"]
[WhiteTeam "SV Empor Erfurt"]
[BlackTeam "SC Rochade Emsdetten"]
[PlyCount "67"]
[WhiteFideId "16217675"]
[BlackFideId "16225520"]
[EventCountry "GER"]
[EventRounds "7"]
[EventType "team-swiss"]
[EventDate "2016.12.26"]

1. e4 c6 2. d4 d5 3. exd5 cxd5 4. Nc3 Nf6 5. Nf3 Bg4 6. Be2 Nbd7 7. O-O e6 8.
Bf4 Be7 9. Rc1 O-O 10. a3 Nh5 11. Bg3 Nxg3 12. hxg3 Rc8 13. Qd3 Nb6 14. Rb1 Nc4
15. Ne5 Bf5 16. Qd1 Nxe5 17. dxe5 Bxa3 18. bxa3 Rxc3 19. Rxb7 Rxa3 20. Bd3 Bxd3
21. cxd3 Qa8 22. Qb1 Rxd3 23. Rxa7 Qxa7 24. Qxd3 g6 25. Rd1 Ra8 26. Qd4 Qxd4
27. Rxd4 Ra1+ 28. Kh2 Rc1 29. Rb4 g5 30. Rb8+ Kg7 31. f4 Rc4 32. f5 Rc7 33. Rd8
Re7 34. f6+  1-0